000 00447ntaaa2200181 4500
003 01
005 20251027202113.0
008 0714s1973 ag 01
040 _aAR-BaBN
_bspa
_cAR-BaBN
_eaacr
_dRIC
082 _a252.0610 M57f
100 _aMeyer, Frederick Brotherton
_913297
245 _aF. B. Meyer
250 _a1 ed.
260 _aNew York :
_bFleming H Revell Company,
_cc1950
300 _a256 p
650 _asermones
_9362
942 _cBK
999 _c15897
_d15897